000 00574nam a2200229Ia 4500
003 OSt
005 20220923221710.0
006 a|||||r|||| 00| 0
007 ta
008 220922b |||||||| |||| 00| 0 hin d
024 _a199,433
037 _cTextual
040 _aARTS
_cARTS
_bhin
041 _2hin
_ahin
082 _aQ1:21x, 152L2
100 _aवेद सुधा
245 0 _aसत्य काम
246 _aSatya kāma
260 _c1956
942 _hQ1:21x, 152L2
_cTEXL
_2CC
999 _c351173
_d351173